[Event "Challenge"]
[Site "http://www.queenalice.com/game.php?id=1846136"]
[Date "2024.10.24"]
[Round "-"]
[White "EcheKiel"]
[Black "Leanne"]
[Result "1-0"]
[WhiteElo "1732"]
[BlackElo "1354"]

1. e3 d5 2. d4 Nf6 3. Nc3 c6 4. f3 e6 5. Bd3 Bb4 6. Ne2 Bxc3+ 7. Nxc3 O-O 8. g4
g6 9. h4 h5 10. gxh5 gxh5 11. Rg1+ Kh8 12. Rg5 Rg8 13. Kf2 c5 14. f4 Ne4+ 15.
Nxe4 dxe4 16. Qxh5# 1-0

[Event "AUTO-ADV-4833"]
[Site "http://www.queenalice.com/game.php?id=1849056"]
[Date "2024.12.19"]
[Round "1"]
[White "EcheKiel"]
[Black "altair"]
[Result "1-0"]
[WhiteElo "1682"]
[BlackElo "1769"]

1. e4 e5 2. c3 d6 3. h3 a6 4. Qf3 Nf6 5. Bc4 c6 6. Bb3 d5 7. d3 h6 8. Ne2 dxe4
9. dxe4 b5 10. Be3 c5 11. Nd2 c4 12. Bc2 Bd6 13. Qg3 g6 14. Qh4 g5 15. Bxg5 Be7
16. f4 Bf8 17. fxe5 Bg7 18. exf6 hxg5 19. fxg7 Rg8 20. Qh7 Kd7 21. O-O-O Kc7 22.
Nxc4 Qe8 23. Nd6 Qd8 24. Nxb5+ axb5 25. Rxd8 Rxd8 26. Rf1 Be6 27. Bb3 Nd7 28.
Bxe6 fxe6 29. Rf7 Kc6 30. g8=R Rxg8 31. Nd4+ Kb6 32. Rxd7 e5 33. b4 1-0

[Event "AUTO-ADV-4833"]
[Site "http://www.queenalice.com/game.php?id=1849057"]
[Date "2024.12.19"]
[Round "1"]
[White "altair"]
[Black "EcheKiel"]
[Result "0-1"]
[WhiteElo "1690"]
[BlackElo "1665"]

1. e4 e5 2. Nf3 Qf6 3. d3 h6 4. a3 Bc5 5. h3 a6 6. Nc3 Ne7 7. Be2 c6 8. O-O d5
9. b4 Bb6 10. Bb2 Bc7 11. Na4 Ng6 12. Bc1 d4 13. c3 Nh4 14. cxd4 exd4 15. Nc5
Nd7 16. Bb2 Nxf3+ 17. Bxf3 Ne5 18. Bxd4 Nxf3+ 19. gxf3 Qxd4 20. Nb3 Qe5 21. Re1
Bxh3 0-1

[Event "AUTO-OPEN-4567"]
[Site "http://www.queenalice.com/game.php?id=1849564"]
[Date "2024.12.31"]
[Round "1"]
[White "Canaye14"]
[Black "EcheKiel"]
[Result "1-0"]
[WhiteElo "1953"]
[BlackElo "1655"]

1. d4 d5 2. Nf3 f6 3. h3 Nc6 4. Bf4 e6 5. e3 Bd6 6. Bxd6 Qxd6 7. c4 b6 8. Nc3 a6
9. cxd5 exd5 10. a3 Nge7 11. b4 b5 12. Be2 Bb7 13. Rb1 Na7 14. O-O O-O 15. Bd3
g6 16. Qc2 Bc8 17. h4 Bf5 18. h5 Rf7 19. hxg6 1-0

[Event "AUTO-OPEN-4567"]
[Site "http://www.queenalice.com/game.php?id=1849565"]
[Date "2024.12.31"]
[Round "1"]
[White "EcheKiel"]
[Black "Canaye14"]
[Result "0-1"]
[WhiteElo "1668"]
[BlackElo "1936"]

1. e4 e6 2. e5 d5 3. exd6 Bxd6 4. d4 Ne7 5. Bd3 c5 6. Be3 Qb6 7. dxc5 Bxc5 8. g3
Bxe3 9. fxe3 Qxb2 10. Nd2 Nbc6 11. a3 Nd5 12. Nc4 Qc3+ 13. Kf2 O-O 14. Ne2 Qf6+
15. Kg2 Rd8 16. Rf1 Qg5 17. e4 Ne3+ 0-1

[Event "AUTO-OPEN-4567"]
[Site "http://www.queenalice.com/game.php?id=1849588"]
[Date "2024.12.31"]
[Round "1"]
[White "Jsc"]
[Black "EcheKiel"]
[Result "1-0"]
[WhiteElo "1981"]
[BlackElo "1663"]

1. e4 e5 2. Nf3 Qf6 3. Nc3 c6 4. Bc4 Bc5 5. h3 h6 6. d3 d6 7. Na4 Bb6 8. Nxb6
axb6 9. d4 exd4 10. Nxd4 Be6 11. Nxe6 fxe6 12. Qxd6 e5 13. Qc7 Nd7 14. Qxb7 Rb8
15. Qa7 Ne7 16. O-O Nc8 17. Qa3 b5 18. Be2 1-0

[Event "AUTO-OPEN-4567"]
[Site "http://www.queenalice.com/game.php?id=1849589"]
[Date "2024.12.31"]
[Round "1"]
[White "EcheKiel"]
[Black "Jsc"]
[Result "1-0"]
[WhiteElo "1651"]
[BlackElo "1595"]

1. e4 e6 2. Qf3 Nf6 3. d4 Be7 4. Nc3 d5 5. e5 Nfd7 6. Bd3 O-O 7. h4 c5 8. Be3
cxd4 9. Bxd4 Nc6 10. Nge2 Ncxe5 11. Qg3 Nxd3+ 12. cxd3 f6 13. Be3 Kh8 14. d4 Nb6
15. b3 Bb4 16. Bd2 Bxc3 17. Nxc3 Bd7 18. Ne2 Rc8 19. Rc1 1-0

[Event "AUTO-OPEN-4567"]
[Site "http://www.queenalice.com/game.php?id=1849604"]
[Date "2024.12.31"]
[Round "1"]
[White "EcheKiel"]
[Black "alvm"]
[Result "0-1"]
[WhiteElo "1701"]
[BlackElo "2040"]

1. e4 c6 2. d4 d5 3. Bd3 Nf6 4. Nc3 g6 5. h3 dxe4 6. Nxe4 Nxe4 7. Bxe4 Bg7 8.
Be3 O-O 9. c3 Be6 10. h4 Nd7 11. h5 Nf6 12. hxg6 Nxe4 13. gxh7+ Kh8 14. Qh5 Qd5
15. Qh2 Qb5 16. Bh6 Qxb2 17. Bxg7+ Kxg7 18. Qf4 Qxa1+ 19. Ke2 Bc4+ 20. Kf3 Qxc3+
21. Kg4 f5+ 22. Kh4 Rf6 23. Qe5 Kf7 24. Qf4 Rh8 0-1

[Event "AUTO-OPEN-4587"]
[Site "http://www.queenalice.com/game.php?id=1855365"]
[Date "2025.4.11"]
[Round "1"]
[White "Magnaroc"]
[Black "EcheKiel"]
[Result "1-0"]
[WhiteElo "2053"]
[BlackElo "1649"]

1. e4 e5 2. Nf3 Qf6 3. Nc3 c6 4. d3 h6 5. Bd2 Bc5 6. Be2 Ne7 7. O-O d6 8. h3 Ng6
9. Kh2 Nh4 10. Nxh4 Qxh4 11. Qe1 Qf6 12. Na4 1-0

[Event "AUTO-OPEN-4587"]
[Site "http://www.queenalice.com/game.php?id=1855366"]
[Date "2025.4.11"]
[Round "1"]
[White "EcheKiel"]
[Black "Magnaroc"]
[Result "0-1"]
[WhiteElo "1647"]
[BlackElo "2055"]

1. e4 e5 2. Bc4 Nf6 3. Qf3 Nc6 4. c3 d6 5. h3 Na5 6. Bb5+ Bd7 7. Qe2 a6 8. Bxd7+
Qxd7 9. Nf3 Qc6 10. d3 Qd7 11. b4 Nc6 12. Bd2 Be7 0-1

[Event "AUTO-OPEN-4587"]
[Site "http://www.queenalice.com/game.php?id=1855387"]
[Date "2025.4.11"]
[Round "1"]
[White "pizzaiolo72"]
[Black "EcheKiel"]
[Result "1-0"]
[WhiteElo "1997"]
[BlackElo "1699"]

1. e4 e5 2. Nf3 Nc6 3. Bb5 Qf6 4. Nc3 Nge7 5. d3 a6 6. Bxc6 dxc6 7. Bg5 Qg6 8.
O-O Bg4 9. Bxe7 Bxe7 10. Nxe5 Bxd1 11. Nxg6 hxg6 12. Raxd1 O-O-O 13. d4 1-0

[Event "AUTO-OPEN-4587"]
[Site "http://www.queenalice.com/game.php?id=1855388"]
[Date "2025.4.11"]
[Round "1"]
[White "EcheKiel"]
[Black "pizzaiolo72"]
[Result "0-1"]
[WhiteElo "1651"]
[BlackElo "2001"]

1. e4 Nf6 2. Qf3 Nc6 3. c3 e5 4. Bc4 d6 5. h3 Be6 6. Bb3 Bxb3 7. axb3 Be7 8. Ne2
O-O 9. d3 d5 10. exd5 Qxd5 11. Bg5 Qxb3 12. Nd2 Qxb2 13. O-O Qc2 0-1

[Event "AUTO-OPEN-4587"]
[Site "http://www.queenalice.com/game.php?id=1855401"]
[Date "2025.4.11"]
[Round "1"]
[White "EcheKiel"]
[Black "dosoldini"]
[Result "0-1"]
[WhiteElo "1672"]
[BlackElo "1547"]

1. e4 e5 2. Qf3 Nc6 3. c3 Nf6 4. Bc4 a6 5. Bb3 d6 6. h3 Be6 7. d3 Bxb3 8. axb3
h6 9. Ne2 Qd7 10. Ng3 d5 11. b4 O-O-O 12. Qe2 g6 0-1

[Event "AUTO-OPEN-4587"]
[Site "http://www.queenalice.com/game.php?id=1855402"]
[Date "2025.4.11"]
[Round "1"]
[White "dosoldini"]
[Black "EcheKiel"]
[Result "1-0"]
[WhiteElo "1524"]
[BlackElo "1695"]

1. e4 e5 2. Nf3 Qf6 3. Nc3 c6 4. d4 Bb4 5. Bg5 Bxc3+ 6. Bd2 Bxd4 7. Nxd4 exd4 8.
Bd3 d6 9. O-O h5 10. f3 g5 11. Qc1 Qe5 12. f4 Qg7 13. fxg5 1-0

[Event "AUTO-OPEN-4595"]
[Site "http://www.queenalice.com/game.php?id=1857578"]
[Date "2025.5.19"]
[Round "1"]
[White "maurice916"]
[Black "EcheKiel"]
[Result "1-0"]
[WhiteElo "1994"]
[BlackElo "1649"]

1. Nf3 Nf6 2. b3 b6 3. Bb2 Ba6 4. c4 d5 5. cxd5 Nxd5 6. d3 Bb7 7. e4 Nf4 8. g3
Ng6 9. Bg2 e5 10. O-O h5 11. Nxe5 Nxe5 12. Bxe5 Nc6 13. Bb2 Qg5 14. Nd2 O-O-O
15. Nf3 Qf6 16. Bxf6 gxf6 17. Qe2 Bd6 18. Qb2 1-0

[Event "AUTO-OPEN-4595"]
[Site "http://www.queenalice.com/game.php?id=1857579"]
[Date "2025.5.19"]
[Round "1"]
[White "EcheKiel"]
[Black "maurice916"]
[Result "0-1"]
[WhiteElo "1604"]
[BlackElo "1896"]

1. e4 c6 2. d4 d5 3. Nc3 dxe4 4. Nxe4 Nf6 5. Nxf6+ exf6 6. Qe2+ Be7 7. Nf3 Bg4
8. h3 Bxf3 9. Qxf3 Qxd4 10. c3 Qa4 11. Qe2 Nd7 12. Qc4 Qxc4 13. Bxc4 O-O 14. Bf4
Ne5 15. Be2 Rad8 16. Bd2 Nd3+ 17. Bxd3 Rxd3 18. O-O-O Rfd8 19. Rhe1 Bc5 20. Re2
h6 21. Rde1 Bb6 22. Re8+ Rxe8 0-1

[Event "AUTO-OPEN-4595"]
[Site "http://www.queenalice.com/game.php?id=1857590"]
[Date "2025.5.19"]
[Round "1"]
[White "EcheKiel"]
[Black "Zero007"]
[Result "0-1"]
[WhiteElo "1647"]
[BlackElo "1429"]

1. e4 c6 2. Nc3 d5 3. d4 dxe4 4. Nxe4 Nf6 5. Nxf6+ exf6 6. h3 Bd6 7. Bc4 O-O 8.
Qh5 Bb4+ 9. c3 Ba5 10. Bh6 gxh6 11. Qxh6 Bf5 12. Ne2 Qe8 13. O-O-O Bg6 14. h4 b5
15. Bb3 Qe4 16. Kd2 Re8 17. Rhe1 Qd3+ 18. Kc1 Qb1+ 19. Kd2 Qxb2+ 0-1

[Event "AUTO-OPEN-4595"]
[Site "http://www.queenalice.com/game.php?id=1857591"]
[Date "2025.5.19"]
[Round "1"]
[White "Zero007"]
[Black "EcheKiel"]
[Result "1-0"]
[WhiteElo "1574"]
[BlackElo "1622"]

1. d4 e5 2. dxe5 Nc6 3. Nf3 f6 4. exf6 gxf6 5. e4 Bg7 6. Bd3 d5 7. exd5 Qe7+ 8.
Qe2 Ne5 9. Nxe5 fxe5 10. O-O Nf6 11. Nc3 c6 12. Bg5 Bd7 13. Rfe1 O-O-O 14. Qxe5
Qxe5 15. Rxe5 Nxd5 16. Rxd5 cxd5 17. Bxd8 Kxd8 18. Nxd5 Bc6 19. Nc3 Rg8 20. Rd1
Kc7 21. Bxh7 Re8 22. Bd3 Rg8 23. g3 a6 24. Re1 Kb6 25. Nd1 Ka7 26. b3 1-0